Bailey and Loves Short Practice of Surgery (Record no. 151996)
[ view plain ]
| 000 -LEADER | |
|---|---|
| fixed length control field | 00403nam a2200145Ia 4500 |
| 008 - FIXED-LENGTH DATA ELEMENTS--GENERAL INFORMATION | |
| fixed length control field | 230411s9999 xx 000 0 und d |
| 020 ## - INTERNATIONAL STANDARD BOOK NUMBER | |
| International Standard Book Number | 0 340 75924 |
| 041 ## - LANGUAGE CODE | |
| Language code of text/sound track or separate title | eng |
| 082 ## - DEWEY DECIMAL CLASSIFICATION NUMBER | |
| Classification number | S/610.73677/RUS/WIL/B00529 |
| 100 ## - MAIN ENTRY--PERSONAL NAME | |
| Personal name | Russell C G & Williams N S |
| 9 (RLIN) | 176631 |
| 245 ## - TITLE STATEMENT | |
| Title | Bailey and Loves Short Practice of Surgery |
| 260 ## - PUBLICATION, DISTRIBUTION, ETC. (IMPRINT) | |
| Name of publisher, distributor, etc. | Arnold |
| Place of publication, distribution, etc. | London |
| Date of publication, distribution, etc. | 2000 |
| 300 ## - PHYSICAL DESCRIPTION | |
| Extent | 1348p |
| Withdrawn status | Lost status | Damaged status | Not for loan | Collection code | Home library | Current library | Date acquired | Vendor | Cost, normal purchase price | Bill number | Total Checkouts | Full call number | Barcode | Date last seen | Cost, replacement price | Bill Date | Koha item type | Original Barcode |
|---|---|---|---|---|---|---|---|---|---|---|---|---|---|---|---|---|---|---|
| Smt. Bakul Tambat Institute of Nursing Education | Smt. Bakul Tambat Institute of Nursing Education | 14/02/2002 | B.J.Medical Co-oprative College Stores | 2120.00 | 5516 | S 610.73677 RUS WIL B00529 | BTIN-BK-529 | 11/04/2023 | 2120.00 | 14/02/2002 | Books | B00529 | ||||||
| Smt. Bakul Tambat Institute of Nursing Education | Smt. Bakul Tambat Institute of Nursing Education | 13/02/2002 | A.D.Kansara Pune. | 2119.00 | 5516 | S 610.73677 RUS WIL B00575 | BTIN-BK-575 | 11/04/2023 | 2119.00 | 14/02/2002 | Books | B00575 | ||||||
| Smt. Bakul Tambat Institute of Nursing Education | Smt. Bakul Tambat Institute of Nursing Education | 20/03/2003 | B.J.Medical Co-oprative College Stores | 1280.00 | 5516 | S 610.73677 RUS WIL B01047 | BTIN-BK-1047 | 11/04/2023 | 1280.00 | 14/02/2002 | Books | B01047 | ||||||
| Smt. Bakul Tambat Institute of Nursing Education | Smt. Bakul Tambat Institute of Nursing Education | 19/12/2007 | M.K.S.S.S I.N.E.Ratnagiri. | 1421.00 | 5516 | S 610.73677 RUS WIL B04709 | BTIN-BK-4709 | 11/04/2023 | 1421.00 | 14/02/2002 | Books | B04709 |